000 00469cam a2200181ua 4500
020 _a81 7029 257 3
_c375.00
041 _aeng
_h
082 _a005.369
_bDIC/PR
100 _aDickler, Howard .
245 _aProgrammers guide to FOXPRO 2.6 /
_cHoward Dickler.
_hTextual Documents
250 _a2 /
_b.
260 _aNew Delhi :
_bB P B Publishers ,
_c1995.
300 _a766 ; .
365 _a375.00
504 _a
942 _cBK
999 _c9568
_d9568